|
|
|
|
| LEADER |
00000nab a2200000Ia 4500 |
| 001 |
vtls000890115 |
| 003 |
SK-MaSNL |
| 005 |
20260304173425.0 |
| 008 |
250429|2004 xo mr|p|||||||000 b|slo |
| 015 |
|
|
|a SNBRB2004/11
|2 snkbucl
|
| 035 |
|
|
|a (uuid)257c5c8e-0d94-4245-adf2-5a82780ae25b
|
| 035 |
|
|
|a urn:nbn:sk:snk-ab2vzx
|
| 035 |
|
|
|a (urnnbn)urn:nbn:sk:snk:ar-a030no
|
| 038 |
|
|
|a SNKBUCL
|
| 040 |
|
|
|a SNKBUCL
|b slo
|c SNKBUCL
|e AACR2
|
| 041 |
0 |
|
|a slo
|
| 044 |
|
|
|a xo
|c SK
|
| 080 |
|
|
|a 796.51
|2 1997
|
| 080 |
|
|
|a (437.6)
|2 1997
|
| 080 |
|
|
|a 796.5
|2 2001
|
| 080 |
|
|
|a (437.6)
|2 2001
|
| 080 |
|
|
|a "324"
|2 2011
|
| 080 |
|
|
|a 796.92
|2 2001
|
| 100 |
1 |
|
|a Khandl, Ladislav,
|d 1946-
|4 aut
|9 160883
|
| 245 |
1 |
0 |
|a 38. slovenský zimný zraz turistov
|c Ladislav Khandl
|
| 246 |
3 |
|
|a Tridsiatyosmy slovenský zimný zraz turistov
|
| 300 |
|
|
|b Fotogr.
|
| 611 |
2 |
7 |
|a Slovenský zimný zraz turistov
|n 38.
|d 2004
|c Kremnica, Slovensko
|2 snkbucl
|9 1503854
|
| 650 |
0 |
7 |
|a turistika
|2 SNKPH
|9 683
|
| 650 |
0 |
7 |
|a zima
|2 SNKPH
|9 49696
|
| 650 |
0 |
7 |
|a lyžovanie
|2 SNKPH
|9 3256
|
| 651 |
|
7 |
|a Kremnica (Slovensko)
|2 SNKPH
|9 26188
|
| 773 |
0 |
|
|t Krásy Slovenska
|g Roč. 81, č. 3-4 (2004), s. [55]
|x 0323-0643
|
| 850 |
|
|
|a Slovenská národná knižnica
|
| 852 |
|
|
|a Slovenská národná knižnica
|
| 954 |
|
|
|a odborná, vedecká literatúra pôvodná (slovenská)
|2 lita
|
| 958 |
|
|
|a article27
|
| 958 |
|
|
|a SK
|
| 999 |
|
|
|c 3003213
|d 3005143
|